000 00300nam a22001337a 4500
008 190227b xxu||||| |||| 00| 0 eng d
020 _a9780131930391
041 _aeng
080 _22nd
_a941
100 _a16
101 _aHIS
245 _aRevolution and its Past
_cSchoppa, R.K
942 _2udc
_cBK
999 _c54349
_d54349